00432nam a2200157Ia 450000500170000000800410001702000220005804100120008008200130009210000370010524500300014225000080017226000390018050000150021965000400023420240823035900.0240823s9999||||xx |||||||||||||| ||und|| a978-81-315-1813-7 aENGLISH A658.3 Q2 a"Robert L Mathis et al., et al." 0aHuman Resource Management a1st c2012bCengage Learning aNew Delhi aTRANSFERED aHuman ResourcesbManagement Studies